| 000 | 00742nam a2200265Ia 4500 | ||
|---|---|---|---|
| 003 | OSt | ||
| 005 | 20220927105350.0 | ||
| 006 | a|||||r|||| 00| 0 | ||
| 007 | ta | ||
| 008 | 220926b |||||||| |||| 00| 0 eng d | ||
| 020 | _a9788171885947 | ||
| 024 | _a175968 | ||
| 037 | _cReference Collections | ||
| 040 |
_aRTL _cRTL _beng |
||
| 041 |
_2eng _aeng |
||
| 082 | _a"X:77.212r, P8/GD" | ||
| 110 | _a"INDIA, PLANNING COMMISSION" | ||
| 245 | 0 | _aKerala development report | |
| 260 |
_aNew _bDelhi Academic Foundation _c2008 |
||
| 300 |
_a476p _ccm. |
||
| 500 | _aBibliography chapterwise | ||
| 700 | _a"INDIA, PLANNING COMMISSION" | ||
| 942 |
_h"X:77.212r, P8/GD" _cCC |
||
| 999 |
_c692135 _d692135 |
||